000 00755nam a22002297a 4500
999 _c18300
_d18300
003 AR-CdUCM
008 190509b ||||| |||| 00| 0 spa d
040 _aMUNICIPALIDAD PROVINCIAL DEL CUSCO
_cBIBLIOTECA MUNICIPAL DEL CUSCO
082 _a921 /
_bB81
100 _aBrandes, Jorge
_922698
245 _aNietzsche :
_b(un estudio sobre el radicalismo aristocrático) /
260 _aBuenos Aires :
_bTor,
_c1933.
300 _a154 páginas ;
_c19 cm.
505 _aContenido :v.8: Las grandes biografías contemporáneas.
650 _aHistoria
_9136
650 _aNietzsche
_930626
650 _aFilosofía
_9395
650 _aBiografias
_9148
700 _aLiebermann, Jose (Traducción)
_938812
942 _2ddc
_cLIBROS
945 _awnts
_d2019-05-13